Understanding Medical Surgical Nursing (Record no. 159269)
[ view plain ]
| 000 -LEADER | |
|---|---|
| fixed length control field | 00411nam a2200145Ia 4500 |
| 008 - FIXED-LENGTH DATA ELEMENTS--GENERAL INFORMATION | |
| fixed length control field | 230519s9999 xx 000 0 und d |
| 020 ## - INTERNATIONAL STANDARD BOOK NUMBER | |
| International Standard Book Number | 978-0-8036-2219-7 |
| 041 ## - LANGUAGE CODE | |
| Language code of text/sound track or separate title | eng |
| 082 ## - DEWEY DECIMAL CLASSIFICATION NUMBER | |
| Classification number | MS/610.7361/WIL/DB0525 |
| 100 ## - MAIN ENTRY--PERSONAL NAME | |
| Personal name | Williams Linda & Hopper Paula |
| 245 ## - TITLE STATEMENT | |
| Title | Understanding Medical Surgical Nursing |
| 260 ## - PUBLICATION, DISTRIBUTION, ETC. (IMPRINT) | |
| Name of publisher, distributor, etc. | F A Davis Company |
| Place of publication, distribution, etc. | Philadelphia |
| Date of publication, distribution, etc. | 2011 |
| 300 ## - PHYSICAL DESCRIPTION | |
| Extent | 1459 |
| Withdrawn status | Lost status | Damaged status | Not for loan | Collection code | Home library | Current library | Date acquired | Cost, normal purchase price | Bill number | Total Checkouts | Total Renewals | Full call number | Barcode | Date last seen | Date last checked out | Bill Date | Koha item type | Original Barcode |
|---|---|---|---|---|---|---|---|---|---|---|---|---|---|---|---|---|---|---|
| MS | Smt. Bakul Tambat Institute of Nursing Education | Smt. Bakul Tambat Institute of Nursing Education | 03/08/2017 | 1000.00 | 859 | 1 | 1 | MS 610.7361 WIL DB0525 | BTIN-DB-525 | 09/01/2025 | 26/12/2024 | 03/08/2017 | Donated Book | DB0525 | ||||
| MS | Smt. Bakul Tambat Institute of Nursing Education | Smt. Bakul Tambat Institute of Nursing Education | 03/08/2017 | 1000.00 | 859 | MS 610.7361 WIL DB0525 | BTIN-DB-526 | 19/05/2023 | 03/08/2017 | Donated Book | DB0526 | |||||||
| MS | Smt. Bakul Tambat Institute of Nursing Education | Smt. Bakul Tambat Institute of Nursing Education | 03/08/2017 | 1000.00 | 859 | MS 610.7361 WIL DB0525 | BTIN-DB-527 | 19/05/2023 | 03/08/2017 | Donated Book | DB0527 | |||||||
| MS | Smt. Bakul Tambat Institute of Nursing Education | Smt. Bakul Tambat Institute of Nursing Education | 03/08/2017 | 1000.00 | 859 | MS 610.7361 WIL DB0530 | BTIN-DB-530 | 19/05/2023 | 03/08/2017 | Donated Book | DB0530 |